Southville International School and Colleges
Your cart is empty.
  • Cart
  • Lists
    Public lists Eva Luna New books Lux_list list_1
    Your lists Log in to create your own lists
  • Log in to your account
  • Your cookies
  • Search history
Southville International School and Colleges
  • Advanced search
  • Recent comments
  • Most popular
  • Libraries

Log in to your account

Log in with GOOGLE


If you do not have an external account, but do have a local account, you can still log in:

  1. Home
  2. MARC view: Leadership in Asia :
Normal view MARC view ISBD view

Leadership in Asia : (Record no. 15885)

[ view plain ]
MARC details
000 -LEADER
fixed length control field 00877cam a2200301Ia 4500
001 - CONTROL NUMBER
control field ocn465127670
003 - CONTROL NUMBER IDENTIFIER
control field OSt
005 - DATE AND TIME OF LATEST TRANSACTION
control field 20140310182757.0
008 - FIXED-LENGTH DATA ELEMENTS--GENERAL INFORMATION
fixed length control field 091111s2010 si a b 001 0 eng d
020 ## - INTERNATIONAL STANDARD BOOK NUMBER
International Standard Book Number 9780071272148 (pbk.)
020 ## - INTERNATIONAL STANDARD BOOK NUMBER
International Standard Book Number 0071272143 (pbk.)
035 ## - SYSTEM CONTROL NUMBER
System control number CUA000296304
040 ## - CATALOGING SOURCE
Original cataloging agency SINPL
Transcribing agency SINPL
Modifying agency SISMU
-- YDXCP
-- CVU
049 ## - LOCAL HOLDINGS (OCLC)
Holding library CVUA
050 ## - LIBRARY OF CONGRESS CALL NUMBER
Classification number HD 57.7
Item number .L455 2010
090 ## - LOCALLY ASSIGNED LC-TYPE CALL NUMBER (OCLC); LOCAL CALL NUMBER (OCLC)
Classification number (OCLC) (R) ; Classification number, CALL (RLIN) (NR) HD57.7
Local cutter number (OCLC) ; Book number/undivided call number, CALL (RLIN) L455 2010
245 00 - TITLE STATEMENT
Title Leadership in Asia :
Remainder of title challenges and opportunities /
Statement of responsibility, etc edited by Dave Ulrich.
260 ## - PUBLICATION, DISTRIBUTION, ETC. (IMPRINT)
Place of publication, distribution, etc Singapore :
Name of publisher, distributor, etc McGraw Hill,
Date of publication, distribution, etc c2010.
300 ## - PHYSICAL DESCRIPTION
Extent xviii, 277 p. :
Other physical details ill. ;
Dimensions 21 cm.
521 ## - TARGET AUDIENCE NOTE
Target audience note
650 #0 - SUBJECT ADDED ENTRY--TOPICAL TERM
Topical term or geographic name as entry element Leadership
Geographic subdivision Asia.
650 #0 - SUBJECT ADDED ENTRY--TOPICAL TERM
Topical term or geographic name as entry element Political leadership
Geographic subdivision Asia.
651 #0 - SUBJECT ADDED ENTRY--GEOGRAPHIC NAME
Geographic name Asia
General subdivision Economic integration.
700 1# - ADDED ENTRY--PERSONAL NAME
Personal name Ulrich, David,
Dates associated with a name 1953-
910 ## - USER-OPTION DATA (OCLC)
User-option data 20110210/w/n;ckc
942 ## - ADDED ENTRY ELEMENTS (KOHA)
Source of classification or shelving scheme Library of Congress Classification
Koha item type Books
Call number prefix Foreign
Holdings
Withdrawn status Lost status Source of classification or shelving scheme Damaged status Home library Current library Shelving location Date acquired Total Checkouts Full call number Barcode Date last seen Copy number Price effective from Koha item type
    Library of Congress Classification   College Library College Library General Circulation Section 02/08/2013   HD 57.7 .L455 2010 C14513 05/15/2018 1 03/10/2014 Books

Leadership in Asia :

APA

Ulrich D., . (2010). Leadership in Asia. Singapore: McGraw Hill.

Chicago

Ulrich David, . 2010. Leadership in Asia. Singapore: McGraw Hill.

Harvard

Ulrich D., . (2010). Leadership in Asia. Singapore: McGraw Hill.

MLA

Ulrich David, . Leadership in Asia. Singapore: McGraw Hill. 2010.

  • Place hold
  • Print
  • Cite
  • Add to your cart (remove)
  • Save record
    BIBTEX Dublin Core MARCXML MARC (non-Unicode/MARC-8) MARC (Unicode/UTF-8) MARC (Unicode/UTF-8, Standard) MODS (XML) RIS
  • More searches
    Search for this title in:
    Other Libraries (WorldCat) Other Databases (Google Scholar) Online Stores (Bookfinder.com) Open Library (openlibrary.org)

Exporting to Dublin Core...

SOUTHVILLE LIBRARY

Southville International School and Colleges Library

1281 Tropical Ave. Cor. Luxembourg St., BF Homes International, Las Pinas City

Tel. No. 8256374 / 252358 Loc. 117/146

Powered by Koha